000
00219 a2200097 4500
001
2055
100
_a
Harliman, J B
245
_a
Statically indeterminate structures
260
_a
_b
Mc Graw Hill
_c
090
_c
1517
_d
1517
942
_a
NUST-CAE
_c
M
_c
5747
999
_c
237128
_d
237128